|
|
|
|
| LEADER |
01958cam a2200397 a 4500 |
| 001 |
c000213211 |
| 003 |
CARM |
| 005 |
20060202104133.0 |
| 008 |
981028s1997 nju 000 0 eng d |
| 019 |
1 |
|
|a 13570748
|5 LACONCORD2021
|
| 020 |
|
|
|a 0780337557 (softbound ed.)
|
| 035 |
|
|
|a (OCoLC)37611505
|5 LACONCORD2021
|
| 040 |
|
|
|a SUSA
|b eng
|c SUSA
|
| 082 |
0 |
4 |
|a 006.33
|2 21
|
| 111 |
2 |
|
|a International Conference on Knowledge-Based Intelligent Electronic Systems
|n (1st :
|d 1997 :
|c Adelaide, S. Aust.)
|
| 245 |
1 |
0 |
|a 1997 First International Conference on Knowledge-Based Intelligent Electronic Systems :
|b proceedings, KES '97, Adelaide, South Australia, 21-23 May 1997 /
|c editor L.C. Jain.
|
| 246 |
3 |
|
|a Knowledge-based intelligent electronic systems
|
| 246 |
3 |
|
|a First International Conference on Knowledge-Based Intelligent Electronic Systems
|
| 246 |
3 |
|
|a KES '97
|
| 260 |
|
|
|a Piscataway, N.J. :
|b Institute of Electrical and Electronics Engineers,
|c c1997.
|
| 300 |
|
|
|a 2 v. (697 p.) :
|b ill. ;
|c 30 cm.
|
| 500 |
|
|
|a IEEE catalog no. 97TH8250.
|
| 500 |
|
|
|a Conference initiated by Electronics Association of South Australia.
|
| 650 |
|
0 |
|a Expert systems (Computer science)
|v Congresses.
|
| 650 |
|
0 |
|a Artificial intelligence
|v Congresses.
|
| 650 |
|
0 |
|a Intelligent control systems
|v Congresses.
|
| 650 |
|
0 |
|a Neural networks (Computer science)
|v Congresses.
|
| 650 |
|
0 |
|a Fuzzy logic
|v Congresses.
|
| 650 |
|
0 |
|a Genetic algorithms
|v Congresses.
|
| 700 |
1 |
|
|a Jain, L. C.
|
| 710 |
2 |
|
|a Electronics Association of South Australia.
|
| 852 |
8 |
|
|b CARM
|h A2:AP30F0
|i D09094
|p 0267994
|f BK
|
| 852 |
8 |
|
|b CARM
|h A2:AP30F0
|i D09096
|p 0273428
|f BK
|
| 999 |
f |
f |
|i af033dd8-45fe-5ffe-95f7-c110cda034bd
|s 3b08f3d6-626c-5798-9f88-d4f4b65955f4
|
| 952 |
f |
f |
|p Can circulate
|a CAVAL
|b CAVAL
|c CAVAL
|d CARM 1 Store
|e D09096
|f A2:AP30F0
|h Other scheme
|i book
|j v. 1
|m 0273428
|
| 952 |
f |
f |
|p Can circulate
|a CAVAL
|b CAVAL
|c CAVAL
|d CARM 1 Store
|e D09094
|f A2:AP30F0
|h Other scheme
|i book
|j v. 2
|m 0267994
|